banner-ar

الاسطورة والمعنى / (Record no. 37708)

MARC details
000 -الفاتح
حقل البيانات ثابتة الطول 00723nam a2200229Ia 4500
008 - عناصر البيانات ثابتة الطول - معلومات عامة
حقل البيانات ثابتة الطول 140319s9999 xx 000 0 ara d
040 ## - مصدر الفهرسة
وكالة الفهرسة الأصلية GCL /
وكالة النسخ GCL
082 04 - رقم تصنيف ديوى العشرى
رقم التصنيف 389.12
رقم المادة ش ا
100 1# - المدخل الرئيسى - إسم شخصى
الإسم الشخصى شاكر عبدالحميد
245 10 - بيان العنوان
العنوان الاسطورة والمعنى /
بيان المسئوليه,etc شاكر عبدالحميد
700 1# - المدخل الاضافى - اسم شخصى
الإسم الشخصى ليفى شتراوس، كلود
700 1# - المدخل الاضافى - اسم شخصى
الإسم الشخصى عزيز حمزة (مراجعة)
300 ## - الوصف المادى
التعداد 78 ص
490 ## - بيان السلسلة
عنوان السلسلة سلسلة المائة كتاب
رقم المجلد/ التعيين التسلسلي 0
650 04 - المدخل الاضافى بالموضوع-مصطلح موضوعى
مصطلح موضوعي البنيوية
650 04 - المدخل الاضافى بالموضوع-مصطلح موضوعى
مصطلح موضوعي الانثربولوجيا الاجتماعية
650 04 - المدخل الاضافى بالموضوع-مصطلح موضوعى
مصطلح موضوعي ليفىشتراوس
650 04 - المدخل الاضافى بالموضوع-مصطلح موضوعى
مصطلح موضوعي الاسطورة
650 04 - المدخل الاضافى بالموضوع-مصطلح موضوعى
مصطلح موضوعي اللغة الاجتماعى, علم
942 ## - عناصر المدخل الإضافي( كوها)
مصدر التصنيف او مخطط الترفيف Dewey Decimal Classification
Koha [default] item type كتاب
Holdings
حالة التراجع حالة الفقد حالة تلف ليس للاعارة المكان المؤقت الموقع الحالى تاريخ الاكتساب اجمالي اﻻعارات رقم الطلب الباركود تاريخ اخر مشاهدة تاريخ تفعيل السعر نوع وعاء كوها
        مكتبة القاهرة الكبرى مكتبة القاهرة الكبرى 03/26/2014   389.12\ش ا 92075 03/26/2014 03/26/2014 كتاب
        مكتبة القاهرة الكبرى مكتبة القاهرة الكبرى 03/26/2014   389.12\ش ا 92076 03/26/2014 03/26/2014 كتاب

Powered By

EGPV